| 000 | 01149nam a22003135i 4500 | ||
|---|---|---|---|
| 999 |
_c3613 _d3613 |
||
| 003 | EG-ScBUE | ||
| 005 | 20201027124856.0 | ||
| 008 | 200219s1947 enk f b 000 0 eng d | ||
| 040 |
_aEG-ScBUE _beng _erda _cEG-ScBUE _dEG-ScBUE |
||
| 041 | 1 |
_aeng _hper |
|
| 082 | 0 | 4 |
_a891.5511 _bOMA _222 |
| 100 | 1 |
_aOmar Khayyam, _eauthor. _925226 |
|
| 245 | 1 | 0 |
_aRubáiyat of Omar Khayyám / _ctranslated into English verse by Edward Fitzgerald, illustrated by Robert Stewart Sherriffs. |
| 250 | _aNew edition. | ||
| 264 | 1 |
_aLondon ; _aGlasgow : _bCollins Clear-Type Press, _c1947. |
|
| 300 |
_a221 pages : _billustrations ; _c24 cm |
||
| 336 |
_atext _btxt _2rdacontent |
||
| 337 |
_aunmediated _bn _2rdamedia |
||
| 338 |
_avolume _bnc _2rdacarrier |
||
| 504 | _aIncludes bibliographical references. | ||
| 546 | _aText in English; translated from original Persian. | ||
| 650 | 7 |
_aPersian poetry _vTranslations. _2BUEsh |
|
| 651 | _2BUEsh | ||
| 653 |
_bHHUUEENN _cOctober2020 |
||
| 700 | 1 |
_aFitzGerald, Edward, _d1809-1883, _etranslator. |
|
| 700 | 1 |
_aSheriffs, Robert Stewart. _eillustrator. |
|
| 942 |
_cBB _2ddc |
||